| 000 | 00930nam a2200301Ia 4500 | ||
|---|---|---|---|
| 001 | C7138 | ||
| 003 | IT-RoPAU | ||
| 008 | 130308s9999 xx 000 0 und d | ||
| 040 | _aIT-RoPAU | ||
| 040 | _cIT-RoPAU | ||
| 041 | _aFRANCESE | ||
| 100 | _aPrado Plinio W. | ||
| 100 | _gCodice Aut. SPICS: 42030 | ||
| 245 | _aJeux de langage et theorie de la communication, notes sur Wittgenstein et Habermas | ||
| 245 | _bHermes-1-Theorie politique et Communication | ||
| 250 | _a1a ed. | ||
| 260 | _aPARIS | ||
| 260 | _bCNRS | ||
| 260 | _c1988 [1° Ed.:1988 - Ed.Ling.Originale:1988] | ||
| 300 | _a"17 p. (prefazione: no ; testo: 17 [pagine: 143-159])" | ||
| 500 | _aGiochi di Linguaggio e Teoria della Comunicazione: Note su Ludwig Wittgenstein e Jurgen Habermas. | ||
| 650 | _aSAGGI DI COMUNICAZIONE SOCIALE | ||
| 650 | _eCodice materia Spics: 3807 | ||
| 942 | _cBK | ||
| 957 | _71 | ||
| 999 |
_c45101 _d45101 |
||
| 999 | _bSI | ||
| 999 | _g1 | ||